000 00211nam a2200085Ia 4500
008 120527s9999 xx 000 0 und d
100 _aSalzinyerd, Denmark
245 _aPsychoogy: the state of the art
942 _cBK
999 _c27626
_d27626